00000000nam 2200000zi 4500
0019.940928
003CaOODSP
00520250109145608
006m     o  d f      
007cr |n|||||||||
008240723s1975    quc     o    f|0| 0 eng d
040 |aCaOODSP|beng|erda|cCaOODSP
043 |an-cn---
0861 |aEn154-423/1975E-PDF
24500|aStudy Committee on the St. Lawrence River : |bannual report 1974-75.
264 1|a[Ste-Foy, Québec] : |b[Environment Canada], |c1975.
300 |a1 online resource (8 pages)
336 |atext|btxt|2rdacontent
337 |acomputer|bc|2rdamedia
338 |aonline resource|bcr|2rdacarrier
500 |aDigitized edition from print [produced by Environment and Climate Change Canada].
520 |a"The 1974-75 surveys of the St. Lawrence River were conducted under the terms of the agreement signed by the ministers of the environment for Quebec and Canada. This agreement provides for a study program designed to develop the measures necessary to protect, improve or restore the river's water quality. Management of this program was entrusted to a bipartite committee called the St. Lawrence River Study Committee"--page 1.
61020|aSt. Lawrence River Study Committee (Canada)
650 0|aEnvironmental protection|zSaint Lawrence River.
650 0|aWater quality management|zSaint Lawrence River.
650 6|aEnvironnement|xProtection|zSaint-Laurent (Fleuve)
650 6|aEau|xQualité|xGestion|zSaint-Laurent (Fleuve)
7101 |aCanada. |bEnvironment Canada, |eissuing body.
85640|qPDF|s285 KB|uhttps://publications.gc.ca/collections/collection_2025/eccc/en154/En154-423-1975-eng.pdf